[Event "Welsh Open Chess Championship"]
[Site "Mercure Cardiff North Hotel, Circle Way East, Llanedeyrn, Cardiff CF23 9XF"]
[Date "2024.03.30"]
[Round "4"]
[Board "4"]
[White "Westcott, Dale"]
[Black "Whittington, Reece W"]
[Result "1/2-1/2"]
[WhiteElo "1772"]
[BlackElo "1791"]
[PlyCount "43"]
[EventDate "2024.03.29"]
[EventType "swiss"]
[EventRounds "7"]
[EventCountry "WLS"]

1. Nf3 {[%emt 0:00:03]} Nf6 {[%emt 0:00:07]} 2. g3 {[%emt 0:00:06]} e6 {[%emt 0:00:05]} 3. Bg2 {[%emt 0:00:05]} d5 {[%emt 0:00:06]} 4. O-O {[%emt 0:00:15]} Be7 {[%emt 0:00:15]} 5. c4 {[%emt 0:00:08]} O-O {[%emt 0:00:15]} 6. b3 {[%emt 0:00:12]} c5 {[%emt 0:01:51]} 7. cxd5 {[%emt 0:01:05]} exd5 {[%emt 0:02:09]} 8. d4 {[%emt 0:01:15]} Bf5 {[%emt 0:05:08]} 9. Bb2 {[%emt 0:02:13]} Nc6 {[%emt 0:11:21]} 10. Nc3 {[%emt 0:03:30]} Rc8 {[%emt 0:06:46]} 11. dxc5 {[%emt 0:05:15]} Bxc5 {[%emt 0:01:07]} 12. Rc1 {[%emt 0:01:12]} a6 {[%emt 0:05:17]} 13. e3 {[%emt 0:03:31]} Nb4 {[%emt 0:07:50]} 14. Nh4 {[%emt 0:02:05]} Bd3 {[%emt 0:05:03]} 15. Ne2 {[%emt 0:02:58]} Be4 {[%emt 0:08:28]} 16. Ba3 {[%emt 0:06:59]} Nd3 {[%emt 0:13:50]} 17. Bxc5 {[%emt 0:07:16]} Nxc1 {[%emt 0:03:36]} 18. Bxf8 {[%emt 0:00:21]} Nxe2+ {[%emt 0:00:46]} 19. Qxe2 {[%emt 0:00:06]} Qxf8 {[%emt 0:01:18]} 20. Bxe4 {[%emt 0:02:54]} dxe4 {[%emt 0:00:51]} 21. Nf5 {[%emt 0:01:51]} Qc5 {[%emt 0:01:30]} 22. Nd4 {[%emt 0:01:46]} 1/2-1/2

[Event "Welsh Open Chess Championship"]
[Site "Mercure Cardiff North Hotel, Circle Way East, Llanedeyrn, Cardiff CF23 9XF"]
[Date "2024.03.30"]
[Round "4"]
[Board "5"]
[White "Funmilayo, Feyikemi Anthony"]
[Black "Blackmore, Simon"]
[Result "0-1"]
[WhiteElo "1950"]
[BlackElo "1749"]
[PlyCount "90"]
[EventDate "2024.03.29"]
[EventType "swiss"]
[EventRounds "7"]
[EventCountry "WLS"]

1. e4 {[%emt 0:00:07]} e5 {[%emt 0:00:07]} 2. Nf3 {[%emt 0:00:14]} Nc6 {[%emt 0:00:03]} 3. Bc4 {[%emt 0:00:20]} Nf6 {[%emt 0:00:08]} 4. d3 {[%emt 0:00:29]} Bc5 {[%emt 0:02:44]} 5. O-O {[%emt 0:00:21]} h6 {[%emt 0:03:29]} 6. c3 {[%emt 0:00:34]} d6 {[%emt 0:03:01]} 7. a4 {[%emt 0:00:24]} a5 {[%emt 0:01:05]} 8. Nbd2 {[%emt 0:02:25]} O-O {[%emt 0:01:49]} 9. Bb5 {[%emt 0:03:01]} Ne7 {[%emt 0:02:27]} 10. Rb1 {[%emt 0:02:13]} Ng6 {[%emt 0:05:00]} 11. b4 {[%emt 0:02:01]} axb4 {[%emt 0:01:00]} 12. cxb4 {[%emt 0:00:13]} Ba7 {[%emt 0:00:30]} 13. Bc4 {[%emt 0:01:05]} d5 {[%emt 0:04:32]} 14. Ba2 {[%emt 0:01:40]} dxe4 {[%emt 0:09:37]} 15. Nxe4 {[%emt 0:01:49]} Bf5 {[%emt 0:03:15]} 16. Qc2 {[%emt 0:01:44]} Bg4 {[%emt 0:04:28]} 17. Ne1 {[%emt 0:04:33]} Nxe4 {[%emt 0:04:14]} 18. dxe4 {[%emt 0:00:02]} Bd1 {[%emt 0:00:36]} 19. Qd3 {[%emt 0:01:03]} Qxd3 {[%emt 0:00:35]} 20. Nxd3 {[%emt 0:00:19]} Be2 {[%emt 0:05:30]} 21. Nb2 {[%emt 0:01:12]} Bxf1 {[%emt 0:00:28]} 22. Kxf1 {[%emt 0:00:05]} Bd4 {[%emt 0:02:39]} 23. a5 {[%emt 0:00:24]} b6 {[%emt 0:00:45]} 24. Bd5 {[%emt 0:00:34]} Ra7 {[%emt 0:01:24]} 25. Nc4 {[%emt 0:00:52]} Nf4 {[%emt 0:01:13]} 26. Bc6 {[%emt 0:02:24]} Rd8 {[%emt 0:01:20]} 27. Bxf4 {[%emt 0:03:46]} exf4 {[%emt 0:00:04]} 28. Ke2 {[%emt 0:01:48]} bxa5 {[%emt 0:05:43]} 29. bxa5 {[%emt 0:02:47]} Bc3 {[%emt 0:00:58]} 30. Rb5 {[%emt 0:01:30]} Rd4 {[%emt 0:02:09]} 31. Rb8+ {[%emt 0:04:29]} Kh7 {[%emt 0:00:33]} 32. Bd5 {[%emt 0:00:43]} c6 {[%emt 0:00:40]} 33. Bxc6 {[%emt 0:05:37]} Rxc4 {[%emt 0:00:24]} 34. Bd5 {[%emt 0:00:21]} Rcc7 {[%emt 0:00:29]} 35. Kf3 {[%emt 0:00:10]} g5 {[%emt 0:04:20]} 36. Kg4 {[%emt 0:00:30]} Rxa5 {[%emt 0:01:23]} 37. g3 {[%emt 0:01:11]} fxg3 {[%emt 0:00:28]} 38. fxg3 {[%emt 0:00:37]} Rd7 {[%emt 0:03:02]} 39. h4 {[%emt 0:00:24]} Bd2 {[%emt 0:01:11]} 40. Kh5 {[%emt 0:00:50]} Raxd5 {[%emt 0:08:35]} 41. exd5 {[%emt 0:00:39]} Rxd5 {[%emt 0:00:09]} 42. hxg5 {[%emt 0:00:14]} hxg5 {[%emt 0:02:12]} 43. g4 {[%emt 0:00:19]} Rd3 {[%emt 0:01:40]} 44. Rb3 {[%emt 0:00:16]} Rc3 {[%emt 0:01:09]} 45. Rxc3 {[%emt 0:00:25]} Bxc3 {[%emt 0:00:08]} 0-1

[Event "Welsh Open Chess Championship"]
[Site "Mercure Cardiff North Hotel, Circle Way East, Llanedeyrn, Cardiff CF23 9XF"]
[Date "2024.03.30"]
[Round "4"]
[Board "6"]
[White "Thomas, Roy"]
[Black "Zheng, Lucas"]
[Result "1-0"]
[WhiteElo "1804"]
[BlackElo "1617"]
[PlyCount "73"]
[EventDate "2024.03.29"]
[EventType "swiss"]
[EventRounds "7"]
[EventCountry "WLS"]

1. f4 {[%emt 0:11:33]} e6 {[%emt 0:00:04]} 2. Nf3 {[%emt 0:00:08]} Nf6 {[%emt 0:00:06]} 3. e3 {[%emt 0:00:07]} c5 {[%emt 0:00:12]} 4. Be2 {[%emt 0:00:16]} g6 {[%emt 0:00:10]} 5. O-O {[%emt 0:00:10]} Bg7 {[%emt 0:00:03]} 6. d3 {[%emt 0:00:06]} a6 {[%emt 0:00:14]} 7. Nc3 {[%emt 0:03:37]} d5 {[%emt 0:00:29]} 8. e4 {[%emt 0:00:50]} d4 {[%emt 0:00:48]} 9. Na4 {[%emt 0:00:28]} Nbd7 {[%emt 0:00:07]} 10. b3 {[%emt 0:02:47]} b5 {[%emt 0:00:24]} 11. Nb2 {[%emt 0:00:07]} O-O {[%emt 0:00:39]} 12. a4 {[%emt 0:01:32]} Bb7 {[%emt 0:00:38]} 13. Bd2 {[%emt 0:07:03]} b4 {[%emt 0:01:56]} 14. Qe1 {[%emt 0:01:47]} a5 {[%emt 0:00:50]} 15. Qh4 {[%emt 0:01:41]} Nh5 {[%emt 0:00:43]} 16. Qh3 {[%emt 0:00:37]} Qf6 {[%emt 0:01:20]} 17. Ng5 {[%emt 0:04:17]} Nb6 {[%emt 0:03:28]} 18. g4 {[%emt 0:05:15]} h6 {[%emt 0:06:04]} 19. e5 {[%emt 0:08:59]} Qe7 {[%emt 0:03:41]} 20. Nf3 {[%emt 0:03:35]} Nxf4 {[%emt 0:01:52]} 21. Bxf4 {[%emt 0:00:09]} g5 {[%emt 0:01:10]} 22. Bd2 {[%emt 0:01:57]} Bd5 {[%emt 0:00:51]} 23. Qg3 {[%emt 0:03:27]} Rab8 {[%emt 0:02:50]} 24. Nc4 {[%emt 0:00:59]} Nxc4 {[%emt 0:01:58]} 25. dxc4 {[%emt 0:00:07]} Bb7 {[%emt 0:00:25]} 26. Rae1 {[%emt 0:01:03]} Qd8 {[%emt 0:08:53]} 27. Bd3 {[%emt 0:00:37]} Qe7 {[%emt 0:02:18]} 28. Be4 {[%emt 0:02:48]} Bxe4 {[%emt 0:01:27]} 29. Rxe4 {[%emt 0:00:11]} Qb7 {[%emt 0:00:20]} 30. Ree1 {[%emt 0:02:45]} Qe7 {[%emt 0:04:43]} 31. Bc1 {[%emt 0:03:20]} Qd8 {[%emt 0:01:01]} 32. Nd2 {[%emt 0:01:06]} Qc7 {[%emt 0:01:02]} 33. Ne4 {[%emt 0:02:59]} Rbc8 {[%emt 0:03:17]} 34. Nf6+ {[%emt 0:00:31]} Kh8 {[%emt 0:01:00]} 35. h4 {[%emt 0:00:39]} gxh4 {[%emt 0:02:40]} 36. Qxh4 {[%emt 0:00:17]} Bxf6 {[%emt 0:03:46]} 37. Rxf6 {[%emt 0:00:40]} 1-0

[Event "Welsh Open Chess Championship"]
[Site "Mercure Cardiff North Hotel, Circle Way East, Llanedeyrn, Cardiff CF23 9XF"]
[Date "2024.03.30"]
[Round "4"]
[Board "7"]
[White "Probert, Malcolm"]
[Black "Beeston, Darson"]
[Result "1/2-1/2"]
[WhiteElo "1728"]
[BlackElo "1801"]
[PlyCount "33"]
[EventDate "2024.03.29"]
[EventType "swiss"]
[EventRounds "7"]
[EventCountry "WLS"]

1. Nf3 {[%emt 0:00:04]} Nf6 {[%emt 0:00:08]} 2. g3 {[%emt 0:00:06]} d5 {[%emt 0:02:08]} 3. d4 {[%emt 0:00:13]} e6 {[%emt 0:00:08]} 4. Bg2 {[%emt 0:00:26]} c5 {[%emt 0:02:59]} 5. c4 {[%emt 0:01:03]} cxd4 {[%emt 0:01:02]} 6. O-O {[%emt 0:01:32]} Nc6 {[%emt 0:00:27]} 7. cxd5 {[%emt 0:01:07]} exd5 {[%emt 0:00:31]} 8. Nxd4 {[%emt 0:02:29]} Bc5 {[%emt 0:02:28]} 9. Nb3 {[%emt 0:06:22]} Bb6 {[%emt 0:00:31]} 10. Nc3 {[%emt 0:02:15]} Be6 {[%emt 0:02:00]} 11. Bg5 {[%emt 0:05:29]} d4 {[%emt 0:13:55]} 12. Ne4 {[%emt 0:02:41]} Bd5 {[%emt 0:10:58]} 13. Nxf6+ {[%emt 0:03:24]} gxf6 {[%emt 0:00:13]} 14. Bxd5 {[%emt 0:06:09]} fxg5 {[%emt 0:01:37]} 15. Bg2 {[%emt 0:03:54]} O-O {[%emt 0:02:02]} 16. Rc1 {[%emt 0:04:04]} Qf6 {[%emt 0:04:40]} 17. Qd2 {[%emt 0:00:40]} 1/2-1/2

[Event "Welsh Open Chess Championship"]
[Site "Mercure Cardiff North Hotel, Circle Way East, Llanedeyrn, Cardiff CF23 9XF"]
[Date "2024.03.30"]
[Round "4"]
[Board "8"]
[White "Jones, Steve"]
[Black "Williams, Stephen"]
[Result "1-0"]
[WhiteElo "1791"]
[BlackElo "1701"]
[PlyCount "84"]
[EventDate "2024.03.29"]
[EventType "swiss"]
[EventRounds "7"]
[EventCountry "WLS"]

1. d4 {[%emt 0:00:04]} Nf6 {[%emt 0:00:08]} 2. Nc3 {[%emt 0:00:09]} g6 {[%emt 0:00:27]} 3. Bf4 {[%emt 0:01:07]} Bg7 {[%emt 0:00:15]} 4. e4 {[%emt 0:00:38]} d6 {[%emt 0:00:29]} 5. e5 {[%emt 0:00:24]} Nh5 {[%emt 0:03:40]} 6. g3 {[%emt 0:04:51]} Nxf4 {[%emt 0:00:50]} 7. gxf4 {[%emt 0:00:07]} O-O {[%emt 0:01:20]} 8. Nf3 {[%emt 0:02:35]} c5 {[%emt 0:03:27]} 9. d5 {[%emt 0:01:46]} Bg4 {[%emt 0:02:34]} 10. Be2 {[%emt 0:01:40]} Bxf3 {[%emt 0:01:31]} 11. Bxf3 {[%emt 0:00:05]} dxe5 {[%emt 0:00:23]} 12. fxe5 {[%emt 0:02:21]} Bxe5 {[%emt 0:01:05]} 13. Qd3 {[%emt 0:00:56]} Nd7 {[%emt 0:02:21]} 14. O-O-O {[%emt 0:01:05]} Qb6 {[%emt 0:02:13]} 15. Rde1 {[%emt 0:05:54]} Bf6 {[%emt 0:03:00]} 16. b3 {[%emt 0:03:37]} Ne5 {[%emt 0:02:02]} 17. Qe3 {[%emt 0:00:21]} Qb4 {[%emt 0:01:53]} 18. Nb1 {[%emt 0:01:44]} Rac8 {[%emt 0:01:49]} 19. h4 {[%emt 0:01:58]} c4 {[%emt 0:00:58]} 20. a3 {[%emt 0:01:19]} Qb5 {[%emt 0:00:42]} 21. b4 {[%emt 0:03:25]} a5 {[%emt 0:01:25]} 22. Nc3 {[%emt 0:00:42]} Qa6 {[%emt 0:02:05]} 23. b5 {[%emt 0:01:17]} Qd6 {[%emt 0:00:31]} 24. Ne4 {[%emt 0:00:13]} Nd3+ {[%emt 0:06:08]} 25. Kd2 {[%emt 0:02:41]} c3+ {[%emt 0:01:55]} 26. Kxd3 {[%emt 0:04:38]} Qxd5+ {[%emt 0:00:55]} 27. Ke2 {[%emt 0:00:09]} Qc4+ {[%emt 0:05:09]} 28. Qd3 {[%emt 0:00:57]} Qe6 {[%emt 0:03:50]} 29. Kf1 {[%emt 0:02:12]} Rfd8 {[%emt 0:00:39]} 30. Qe3 {[%emt 0:04:25]} Bd4 {[%emt 0:01:42]} 31. Qh6 {[%emt 0:01:52]} Bg7 {[%emt 0:02:12]} 32. Qg5 {[%emt 0:06:19]} Qc4+ {[%emt 0:01:24]} 33. Kg1 {[%emt 0:00:21]} f6 {[%emt 0:04:18]} 34. Qg2 {[%emt 0:04:03]} Qxb5 {[%emt 0:05:02]} 35. Qh3 {[%emt 0:06:11]} Qb2 {[%emt 0:02:55]} 36. h5 {[%emt 0:04:17]} Qxc2 {[%emt 0:02:25]} 37. hxg6 {[%emt 0:01:48]} hxg6 {[%emt 0:00:35]} 38. Qe6+ {[%emt 0:03:25]} Kf8 {[%emt 0:00:42]} 39. Ng5 {[%emt 0:08:37]} fxg5 {[%emt 0:01:03]} 40. Bd5 {[%emt 0:00:58]} Rxd5 {[%emt 0:01:57]} 41. Qxc8+ {[%emt 0:01:11]} Rd8 {[%emt 0:01:44]} 42. Qxd8+ {[%emt 0:00:14]} Kf7 {[%emt 0:00:08]} 1-0

[Event "Welsh Open Chess Championship"]
[Site "Mercure Cardiff North Hotel, Circle Way East, Llanedeyrn, Cardiff CF23 9XF"]
[Date "2024.03.30"]
[Round "4"]
[Board "9"]
[White "Hurn, Robert AJ"]
[Black "Powell-Jones, Liam"]
[Result "1/2-1/2"]
[WhiteElo "1711"]
[BlackElo "1756"]
[PlyCount "44"]
[EventDate "2024.03.29"]
[EventType "swiss"]
[EventRounds "7"]
[EventCountry "WLS"]

1. d4 {[%emt 0:00:02]} Nf6 {[%emt 0:01:01]} 2. c4 {[%emt 0:00:05]} g6 {[%emt 0:00:06]} 3. f3 {[%emt 0:00:06]} d5 {[%emt 0:00:05]} 4. cxd5 {[%emt 0:00:07]} Nxd5 {[%emt 0:00:08]} 5. e4 {[%emt 0:00:05]} Nb6 {[%emt 0:00:32]} 6. Nc3 {[%emt 0:00:11]} Bg7 {[%emt 0:00:04]} 7. Be3 {[%emt 0:00:11]} O-O {[%emt 0:00:23]} 8. Qd2 {[%emt 0:00:34]} e5 {[%emt 0:01:55]} 9. d5 {[%emt 0:01:35]} c6 {[%emt 0:00:21]} 10. O-O-O {[%emt 0:01:24]} cxd5 {[%emt 0:00:42]} 11. Nxd5 {[%emt 0:01:31]} Nxd5 {[%emt 0:00:15]} 12. Qxd5 {[%emt 0:00:39]} Qxd5 {[%emt 0:00:10]} 13. Rxd5 {[%emt 0:03:29]} Be6 {[%emt 0:00:08]} 14. Ra5 {[%emt 0:00:27]} Nc6 {[%emt 0:00:19]} 15. Ra3 {[%emt 0:01:07]} Rfc8 {[%emt 0:00:55]} 16. Kb1 {[%emt 0:00:51]} Nd4 {[%emt 0:02:32]} 17. Bd3 {[%emt 0:01:08]} Rc7 {[%emt 0:02:08]} 18. Ne2 {[%emt 0:00:45]} a6 {[%emt 0:01:29]} 19. Rc1 Rac8 {[%emt 0:00:26]} 20. Rac3 {[%emt 0:00:28]} Rxc3 {[%emt 0:00:20]} 21. Rxc3 {[%emt 0:00:36]} Rxc3 22. Nxc3 {[%emt 0:03:23]} b5 1/2-1/2

[Event "Welsh Open Chess Championship"]
[Site "Mercure Cardiff North Hotel, Circle Way East, Llanedeyrn, Cardiff CF23 9XF"]
[Date "2024.03.30"]
[Round "4"]
[Board "10"]
[White "McGhee, David"]
[Black "Murthy, Arush"]
[Result "1-0"]
[WhiteElo "1754"]
[BlackElo "1526"]
[PlyCount "69"]
[EventDate "2024.03.29"]
[EventType "swiss"]
[EventRounds "7"]
[EventCountry "WLS"]

1. e4 {[%emt 0:00:02]} d5 {[%emt 0:00:02]} 2. exd5 {[%emt 0:00:09]} Nf6 {[%emt 0:00:03]} 3. d4 {[%emt 0:00:31]} Nxd5 {[%emt 0:00:06]} 4. c4 {[%emt 0:00:11]} Nb6 {[%emt 0:00:06]} 5. Nc3 {[%emt 0:00:55]} e6 {[%emt 0:02:46]} 6. Nf3 {[%emt 0:00:45]} Be7 {[%emt 0:01:50]} 7. Be3 {[%emt 0:02:48]} O-O {[%emt 0:00:25]} 8. Bd3 {[%emt 0:01:42]} N8d7 {[%emt 0:01:50]} 9. Qc2 {[%emt 0:02:46]} h6 {[%emt 0:01:07]} 10. a4 {[%emt 0:00:46]} c5 {[%emt 0:01:46]} 11. a5 {[%emt 0:00:38]} cxd4 {[%emt 0:03:02]} 12. Bxd4 {[%emt 0:00:20]} Bc5 {[%emt 0:01:47]} 13. Bxc5 {[%emt 0:02:46]} Nxc5 {[%emt 0:00:35]} 14. Bh7+ {[%emt 0:00:10]} Kh8 {[%emt 0:00:11]} 15. axb6 {[%emt 0:00:09]} Qxb6 {[%emt 0:00:59]} 16. O-O {[%emt 0:02:11]} f5 {[%emt 0:00:59]} 17. Bg6 {[%emt 0:00:50]} Rf6 {[%emt 0:05:39]} 18. Nh4 {[%emt 0:00:34]} e5 {[%emt 0:00:55]} 19. Bxf5 {[%emt 0:03:35]} Bxf5 {[%emt 0:02:03]} 20. Nxf5 {[%emt 0:00:10]} Qc6 {[%emt 0:00:45]} 21. Nd5 {[%emt 0:03:14]} Re6 {[%emt 0:01:39]} 22. b4 {[%emt 0:01:36]} Nd7 {[%emt 0:00:39]} 23. Qd3 {[%emt 0:03:43]} Nf6 {[%emt 0:02:13]} 24. Nxf6 {[%emt 0:01:03]} Rxf6 {[%emt 0:00:15]} 25. Ne3 {[%emt 0:00:31]} Raf8 {[%emt 0:00:54]} 26. Rxa7 {[%emt 0:01:54]} Rf4 {[%emt 0:02:14]} 27. Qd5 {[%emt 0:01:15]} Qb6 {[%emt 0:02:00]} 28. Qc5 {[%emt 0:01:21]} Qf6 {[%emt 0:00:45]} 29. Nd5 {[%emt 0:00:40]} Qd8 {[%emt 0:01:25]} 30. Nxf4 {[%emt 0:00:27]} exf4 {[%emt 0:00:14]} 31. Ra3 {[%emt 0:01:51]} Rf7 {[%emt 0:00:53]} 32. Qd5 {[%emt 0:00:32]} Rd7 {[%emt 0:00:25]} 33. Qf3 {[%emt 0:01:30]} Qf6 {[%emt 0:00:35]} 34. Rd1 {[%emt 0:00:34]} Rc7 {[%emt 0:00:20]} 35. Qe4 {[%emt 0:00:29]} 1-0

[Event "Welsh Open Chess Championship"]
[Site "Mercure Cardiff North Hotel, Circle Way East, Llanedeyrn, Cardiff CF23 9XF"]
[Date "2024.03.30"]
[Round "4"]
[Board "11"]
[White "Prabhu, Vismith"]
[Black "Mcgrath, Ethan"]
[Result "0-1"]
[WhiteElo "1590"]
[BlackElo "1738"]
[PlyCount "88"]
[EventDate "2024.03.29"]
[EventType "swiss"]
[EventRounds "7"]
[EventCountry "WLS"]

1. d4 Nf6 {[%emt 0:00:02]} 2. c4 {[%emt 0:00:11]} e6 {[%emt 0:00:08]} 3. Nc3 {[%emt 0:00:05]} Bb4 {[%emt 0:00:05]} 4. Qc2 {[%emt 0:00:13]} d5 {[%emt 0:01:47]} 5. cxd5 {[%emt 0:00:10]} Nxd5 {[%emt 0:02:33]} 6. e4 {[%emt 0:01:35]} Nf6 {[%emt 0:03:07]} 7. Nf3 {[%emt 0:01:30]} Nc6 {[%emt 0:02:24]} 8. e5 {[%emt 0:06:39]} Nd5 {[%emt 0:02:39]} 9. Bd3 {[%emt 0:04:33]} Nxc3 {[%emt 0:02:25]} 10. bxc3 {[%emt 0:00:11]} Ba5 {[%emt 0:05:25]} 11. O-O {[%emt 0:00:52]} Bd7 {[%emt 0:02:22]} 12. Rb1 {[%emt 0:15:30]} h6 {[%emt 0:03:16]} 13. Bd2 {[%emt 0:05:44]} Ne7 {[%emt 0:03:06]} 14. c4 {[%emt 0:01:27]} Bxd2 {[%emt 0:00:17]} 15. Qxd2 {[%emt 0:01:53]} Bc6 {[%emt 0:02:56]} 16. Be2 {[%emt 0:00:44]} Nf5 {[%emt 0:00:43]} 17. Rbd1 {[%emt 0:00:31]} Qd7 {[%emt 0:03:15]} 18. d5 {[%emt 0:02:48]} Ba4 {[%emt 0:01:58]} 19. Rb1 {[%emt 0:01:28]} Rb8 {[%emt 0:09:06]} 20. Bd3 {[%emt 0:11:00]} exd5 {[%emt 0:08:04]} 21. cxd5 {[%emt 0:06:30]} O-O {[%emt 0:05:41]} 22. Qa5 {[%emt 0:08:00]} b6 {[%emt 0:00:48]} 23. Bxf5 {[%emt 0:00:29]} bxa5 {[%emt 0:00:09]} 24. Bxd7 {[%emt 0:00:06]} Bxd7 {[%emt 0:00:13]} 25. Rbc1 {[%emt 0:01:08]} Rfc8 {[%emt 0:02:00]} 26. Rc5 {[%emt 0:00:52]} a4 {[%emt 0:02:03]} 27. h3 {[%emt 0:00:41]} Rb5 {[%emt 0:00:52]} 28. Rfc1 {[%emt 0:00:22]} Rxc5 {[%emt 0:02:34]} 29. Rxc5 {[%emt 0:00:07]} c6 {[%emt 0:00:03]} 30. Nd4 {[%emt 0:03:17]} cxd5 {[%emt 0:01:14]} 31. Rxd5 {[%emt 0:00:09]} Be8 {[%emt 0:04:45]} 32. Ra5 {[%emt 0:02:11]} Rc1+ {[%emt 0:01:43]} 33. Kh2 {[%emt 0:00:07]} Ra1 {[%emt 0:00:18]} 34. Rxa7 {[%emt 0:00:51]} Rxa2 {[%emt 0:00:26]} 35. Kg3 {[%emt 0:01:31]} Rd2 {[%emt 0:06:46]} 36. Nf5 {[%emt 0:00:36]} Rd3+ {[%emt 0:01:26]} 37. f3 {[%emt 0:00:57]} a3 {[%emt 0:02:47]} 38. Ra8 {[%emt 0:00:25]} Kh7 {[%emt 0:08:09]} 39. Rxe8 {[%emt 0:00:08]} Rd5 {[%emt 0:00:58]} 40. Nd6 {[%emt 0:02:24]} Ra5 {[%emt 0:00:58]} 41. Rb8 {[%emt 0:01:40]} a2 {[%emt 0:01:00]} 42. Nxf7 {[%emt 0:00:16]} a1=Q {[%emt 0:00:27]} 43. e6 {[%emt 0:00:53]} Qe1+ {[%emt 0:00:54]} 44. Kh2 {[%emt 0:01:09]} Qxe6 {[%emt 0:01:00]} 0-1

[Event "Welsh Open Chess Championship"]
[Site "Mercure Cardiff North Hotel, Circle Way East, Llanedeyrn, Cardiff CF23 9XF"]
[Date "2024.03.30"]
[Round "4"]
[Board "12"]
[White "Enoch, Kristan"]
[Black "Swamy, Anshul"]
[Result "1/2-1/2"]
[WhiteElo "1554"]
[BlackElo "1684"]
[PlyCount "60"]
[EventDate "2024.03.29"]
[EventType "swiss"]
[EventRounds "7"]
[EventCountry "WLS"]

1. e4 c5 {[%emt 0:00:04]} 2. Nf3 {[%emt 0:00:04]} d6 {[%emt 0:00:06]} 3. d4 {[%emt 0:00:03]} cxd4 {[%emt 0:00:08]} 4. Nxd4 {[%emt 0:00:03]} Nf6 {[%emt 0:00:08]} 5. Nc3 {[%emt 0:00:06]} g6 {[%emt 0:00:10]} 6. f3 {[%emt 0:00:12]} Nc6 {[%emt 0:00:36]} 7. Be3 {[%emt 0:00:10]} h5 {[%emt 0:00:22]} 8. h3 {[%emt 0:01:09]} Nxd4 {[%emt 0:07:01]} 9. Qxd4 {[%emt 0:04:05]} Bg7 {[%emt 0:06:42]} 10. Qd2 {[%emt 0:02:53]} a6 {[%emt 0:05:50]} 11. Be2 {[%emt 0:06:06]} Be6 {[%emt 0:10:27]} 12. O-O-O {[%emt 0:11:40]} Qa5 {[%emt 0:08:03]} 13. Kb1 {[%emt 0:04:34]} Rc8 {[%emt 0:07:39]} 14. Nd5 {[%emt 0:04:30]} Qxd2 {[%emt 0:01:07]} 15. Nxf6+ {[%emt 0:00:26]} Bxf6 {[%emt 0:00:16]} 16. Rxd2 {[%emt 0:00:05]} g5 {[%emt 0:09:55]} 17. Bd4 {[%emt 0:07:10]} Bxd4 {[%emt 0:01:12]} 18. Rxd4 {[%emt 0:00:05]} h4 {[%emt 0:07:18]} 19. b3 {[%emt 0:09:51]} O-O {[%emt 0:07:57]} 20. Rg1 {[%emt 0:12:25]} Kh8 {[%emt 0:12:25]} 21. Rgd1 {[%emt 0:07:23]} Rc6 {[%emt 0:07:28]} 22. Kb2 {[%emt 0:05:04]} Rfc8 {[%emt 0:02:03]} 23. Rc1 {[%emt 0:08:20]} f6 {[%emt 0:02:05]} 24. c4 {[%emt 0:00:55]} b5 {[%emt 0:02:04]} 25. Bd3 {[%emt 0:01:54]} b4 {[%emt 0:01:02]} 26. Be2 {[%emt 0:05:14]} a5 {[%emt 0:00:17]} 27. Rcd1 {[%emt 0:00:50]} Ra8 {[%emt 0:00:56]} 28. Ra1 {[%emt 0:01:52]} Rac8 {[%emt 0:00:35]} 29. Bd3 {[%emt 0:03:03]} Bf7 {[%emt 0:00:22]} 30. Be2 {[%emt 0:01:13]} Rc5 {[%emt 0:00:33]} 1/2-1/2

[Event "Welsh Open Chess Championship"]
[Site "Mercure Cardiff North Hotel, Circle Way East, Llanedeyrn, Cardiff CF23 9XF"]
[Date "2024.03.30"]
[Round "4"]
[Board "16"]
[White "Hill, Glyn"]
[Black "Smith, Chris P"]
[Result "0-1"]
[WhiteElo "1057"]
[BlackElo "1669"]
[PlyCount "102"]
[EventDate "2024.03.29"]
[EventType "swiss"]
[EventRounds "7"]
[EventCountry "WLS"]

1. Nf3 f5 2. d4 Nf6 3. Bg5 g6 4. Bxf6 exf6 5. a3 Bg7 6. e3 O-O 7. Bc4+ d5 8. Ba2 c6 9. O-O Kh8 10. Qd3 Nd7 11. Nbd2 Nb6 12. c4 dxc4 13. Nxc4 Re8 14. Nfd2 Be6 15. b3 Nd5 16. b4 Qc7 17. f4 Re7 18. Bb3 Rae8 19. Rae1 Bc8 20. Nf3 b5 21. Nce5 fxe5 22. fxe5 Be6 23. Rc1 Qb7 24. Ng5 Bh6 25. Nxe6 Rxe6 26. Bxd5 cxd5 27. Rc5 a6 28. Rfc1 Qe7 29. Rc8 Qg5 30. Rxe8+ Rxe8 31. Re1 Rc8 32. g3 Rc1 33. Kf2 Rxe1 34. Kxe1 Qxe3+ 35. Qxe3 Bxe3 36. e6 Kg7 37. e7 Kf7 38. Ke2 Bxd4 39. Kd3 Bg1 40. Kc3 Kxe7 41. Kb3 Kd6 42. Kc3 Bxh2 43. Kd4 Bxg3 44. Kd3 h5 45. a4 bxa4 46. b5 axb5 47. Kd4 h4 48. Ke3 a3 49. Kf3 a2 50. Kg2 a1=Q 51. Kh3 Qh1# 0-1

[Event "Welsh Open Chess Championship"]
[Site "Mercure Cardiff North Hotel, Circle Way East, Llanedeyrn, Cardiff CF23 9XF"]
[Date "2024.03.30"]
[Round "4"]
[Board "21"]
[White "Watkins, Peter"]
[Black "Anandkumar, Govind"]
[Result "1/2-1/2"]
[WhiteElo "1747"]
[BlackElo "1565"]
[PlyCount "41"]
[EventDate "2024.03.29"]
[EventType "swiss"]
[EventRounds "7"]
[EventCountry "WLS"]

1. e4 e6 2. d4 d5 3. Nc3 Nf6 4. e5 Nfd7 5. Nf3 c5 6. Bb5 Nc6 7. Bxc6 bxc6 8. O-O Qc7 9. Re1 cxd4 10. Qxd4 c5 11. Qd1 Bb7 12. Bf4 Bc6 13. Qe2 Rb8 14. b3 Be7 15. Rad1 Nb6 16. Bg5 d4 17. Ne4 Bxe4 18. Qxe4 Nd5 19. Bd2 h6 20. Qd3 Qc6 21. c3 1/2-1/2

[Event "Welsh Open Chess Championship"]
[Site "Mercure Cardiff North Hotel, Circle Way East, Llanedeyrn, Cardiff CF23 9XF"]
[Date "2024.03.30"]
[Round "4"]
[Board "22"]
[White "Stannard, Mike"]
[Black "Archibald, Mckenzie"]
[Result "0-1"]
[WhiteElo "1560"]
[BlackElo "1683"]
[PlyCount "74"]
[EventDate "2024.03.29"]
[EventType "swiss"]
[EventRounds "7"]
[EventCountry "WLS"]

1. b3 d5 2. Bb2 Nf6 3. e3 Bf5 4. Nf3 e6 5. Nc3 Be7 6. Nb5 c6 7. Nbd4 Bg6 8. Be2 Nbd7 9. Nh4 Qc7 10. Rc1 a6 11. c4 dxc4 12. Bxc4 O-O 13. Nxg6 hxg6 14. Bd3 Rac8 15. Qf3 Ne5 16. Qe2 Nxd3+ 17. Qxd3 Rfd8 18. Qc4 c5 19. Nf3 b5 20. Qe2 Qa5 21. a3 Ne4 22. Rc2 Bf6 23. O-O Bxb2 24. Rxb2 Qxa3 25. Rfb1 Qb4 26. Rc2 c4 27. Rbc1 Qxb3 28. Nd4 Qb4 29. f4 Qe7 30. Qf3 Nd6 31. Nc6 Rxc6 32. Qxc6 Qa7 33. Ra1 a5 34. Kf1 b4 35. Ke2 a4 36. Kf3 a3 37. Qc5 Qxc5 0-1